000 00992nam a22002537a 4500
005 20240530110745.0
008 181127s2018 ua ||||g |||| 00| f ara d
017 _a2018/15470
_bمصر. دار الكتب
020 _a9789770718766
040 _aEG-CaGPL
_cEG-CaGPL
082 0 7 _221
_a813.081
_bأ خ
100 0 _aاميرة بهى الدين
245 1 0 _aبرديات مدن الياسمين /
_cاميرة بهى الدين
260 _aالقاهرة :
_bمؤسسة دار الهلال،
_c2018.
300 _a5 جزء ؛
_c19 سم.
490 0 _aروايات الهلال.
500 _a1، بردية الميلاد -- 2، بردية الوجود -- 3، بردية المقاومة -- 4، بردية التحدى -- 5، بردية الانصار.
650 0 7 _2qrmak
_aالادب العربى
650 0 7 _2qrmak
_aالقصص العربية
650 0 7 _2qrmak
_aالقصص السياسية
651 _2qrmak
942 _2ddc
_cBK
999 _c64698
_d64698